000 00597nam a2200205Ia 4500
001 532
003 GE_BSU
008 181216s||||||||xx |||||||||||||| ||und||
020 _a9789941031083
040 _cGE_BSU
080 _a37.01
245 _aეფექტიანი სწავლება. თეორია და პრაქტიკა
245 _cრედ:კუტალაძე ია
260 _aთბილისი
260 _c2010
300 _a321 გვ.
541 _h12 ლ.
653 _aეფექტიანი სწავლება
942 _cBK
999 _c34742
_d34742